#1 In The US Charts On Christmas Day - Statistics

General Stats
  • This quiz has been taken 25 times
  • The average score is 10 of 22
Answer Stats
Year Artist Song % Correct
2019 Mariah Carey All I Want For Christmas Is You
85%
2021 Mariah Carey All I Want For Christmas Is You
85%
2003 Outkast Hey Ya!
85%
2009 Jay-Z + Alicia Keys Empire State Of Mind
75%
2015 Adele Hello
70%
2004 Snoop Dogg Featuring Pharrell Drop It Like It's Hot
65%
2002 Eminem Lose Yourself
65%
2001 Nickelback How You Remind Me
60%
2017 Ed Sheeran Perfect
55%
2010 Katy Perry Firework
50%
2011 Rihanna Featuring Calvin Harris We Found Love
45%
2014 Taylor Swift Blank Space
40%
2006 Beyonce Irreplaceable
30%
2018 Ariana Grande Thank U, Next
30%
2013 Eminem Featuring Rihanna The Monster
30%
2016 Rae Sremmurd Featuring Gucci Mane Black Beatles
25%
2012 Bruno Mars Locked Out Of Heaven
25%
2020 Taylor Swift Willow
25%
2005 Mariah Carey Don't Forget About Us
20%
2000 Destiny’s Child Independent Women Part I
20%
2007 Alicia Keys No One
20%
2008 Beyonce Single Ladies (Put A Ring On It)
20%
No matching quizzes found
Score Distribution
Percent of People with Each Score
Percentile by Number Answered
Your Score History
You have not taken this quiz